| 000 -ლიდერი |
| ფიქსირებული სიგრძის საკონტროლო ველი |
01822nam a22002777a 4500 |
| 003 - საკონტროლო ნომრის იდენტიფიკატორი |
| საკონტროლო ველი |
Ge_BSU |
| 005 - ბოლო ოპერაციის თარიღი და დრო |
| საკონტროლო ველი |
20250801121146.0 |
| 008 - ფიქსირებული სიგრძის მონაცემთა ელემენტები - ზოგადი ინფორმაცია |
| ფიქსირებული სიგრძის საკონტროლო ველი |
250801s2025 ge ||||| |||| 00| 0 geo d |
| 020 ## - წიგნის საერთაშორისო სტანდარტული ნომერი |
| International Standard Book Number |
9789941995552 |
| 041 ## - ენის კოდი |
| Language code of text/sound track or separate title |
geo |
| 080 ## - უნივერსალური ათობითი კლასიფიკაციის ინდექსი |
| Universal Decimal Classification number |
39(038) ე-41 |
| 245 ## - ცნობა სათაურის შესახებ |
| Title |
ლაზური ეთნოლოგიური ლექსიკონი = Laz Ethnological Dictionary / |
| Statement of responsibility, etc |
ავტორ-შემდგენლები: ნუგზარ მგელაძე, თემურ ტუნაძე, ციალა ნარაკიძე [და სხვა] ; პროექტის ავტორი, მთ. რედაქტორი და სამეცნ. ხელმძღვანელი ნუგზარ მგელაძე ; |
| 264 ## - წარმოების, გამოცემის, დისტრიბუციის და სხვა ცნობები |
| გამოცემის, წარმოების, დისტრიბუციის... ადგილი |
თბილისი : |
| გამოცემის, წარმოების, დისტრიბუციის... სახელწოდება |
საჩინო, |
| გამოცემის, წარმოების, დისტრიბუციის... თარიღი |
2025. |
| 300 ## - ფიზიკური აღწერა |
| Extent |
616 გვ. : |
| Other physical details |
ფოტ. ; |
| Dimensions |
29 სმ. |
| 504 ## - BIBLIOGRAPHY, ETC. NOTE |
| Bibliography, etc |
ბიბლიოგრაფია: გვ. 599-613. |
| 546 ## - LANGUAGE NOTE |
| Language note |
თავფურცელი ინგლისურ ენაზე. |
| 653 ## - INDEX TERM--UNCONTROLLED |
| Uncontrolled term |
ლაზური ეთნოლოგიური ლექსიკონი |
| 653 ## - INDEX TERM--UNCONTROLLED |
| Uncontrolled term |
ლაზური ლექსიკონი |
| 653 ## - INDEX TERM--UNCONTROLLED |
| Uncontrolled term |
Laz Ethnological Dictionary |
| 700 ## - ADDED ENTRY--PERSONAL NAME |
| Personal name |
მგელაძე, ნუგზარ |
| 9 (RLIN) |
25728 |
| 700 ## - ADDED ENTRY--PERSONAL NAME |
| Personal name |
ტუნაძე, თემურ |
| 9 (RLIN) |
25729 |
| 700 ## - ADDED ENTRY--PERSONAL NAME |
| Personal name |
ნარაკიძე, ციალა |
| Relator term |
და სხვ |
| 9 (RLIN) |
25730 |
| 710 ## - ADDED ENTRY--CORPORATE NAME |
| Relator code |
ბათუმის შოთა რუსთაველის სახელმწ. უნივერსიტეტი, ჰუმანიტარულ მეცნიერებათა ფაკულტეტი, ქართველოლოგიის ცენტრი. |
| 773 ## - HOST ITEM ENTRY |
| Title |
ნაჩუქარი |
| 942 ## - ADDED ENTRY ELEMENTS (KOHA) |
| Source of classification or shelving scheme |
|
| Koha item type |
წიგნი |